000
00266nam a2200121 a 4500
005
20141022142004.0
008
080916s19uu xx 00 eng d
050
_a
VCD
_b
B72 1999
245
_a
Braveheart.
650
_a
VCD.
650
_a
Braveheart.
942
_c
AVM
999
_c
276433
_d
276433